• 首页
  • 本馆介绍
  • 公告通知
  • 最新文献
  • 馆藏检索
  • 电子资源
  • 读者导购
  • 参考咨询
  • 我的图书馆
  • 登录
  • 详细信息显示
  • 放入我的书架
  • 预约/预借图书
  • 作者相关作品
  • 分类相关作品
  • 丛书相关作品
  • 出版社相关作品

书目信息

  • 表格格式
  • 工作单格式
  • 卡片格式
题名:
石油与安全
    
 
作者: 黑恩贝克 著 ;俞大畏 译
分册:  
出版信息: 北京   商务印书馆  1976.5
页数: 252页
开本: 20cm
丛书名:
单 册:
中图分类: F41
科图分类:
主题词: 工业经济--世界
电子资源:
ISBN:
000 00575nam0 2200205 45
001 0404291628
005 20051214171241.43
010    @dCNY0.76
091    @a4017.15
100    @a20040429d1976 km y0chiy0120 ea
101 0  @achi
200 1  @a石油与安全@AShi You Yu An Quan@f(瑞典)博·黑恩贝克著@F(Rui Dian)Bo·Hei En Bei Ke Zhu@g俞大畏等译
210    @a北京@c商务印书馆@d1976.5
215    @a252页@d20cm
606 0  @a工业经济@x世界
690    @aF41@v3
701  0 @a黑恩贝克@4著
702  0 @a俞大畏@AYu Da Wei@4译
801    @aCN@bPftUser@c20051214
905    @f1@b17213@dF41@e2
    
    石油与安全/(瑞典)博·黑恩贝克著/俞大畏等译.-北京:商务印书馆,1976.5
    252页;20cm
    
    
    ISBN :CNY0.76
    
●
相关链接 在E读中查询图书 在五车中查询图书 在当当中查询图书 在豆瓣中查询图书


正题名:石油与安全     索取号:F41/2         预约/预借

序号 登录号 条形码 馆藏地/架位号 状态 备注
1 0017212   202165780   密集书库/ [索取号:F41/2] 在馆    
2 0017213   000208279   第一借阅区/ [索取号:F41/2] 在馆    
唐山师范学院图书馆 欢迎您!
大连网信软件有限公司© 版权所有